[Event "GBR-ch89"]
[Site "Torquay"]
[Date "2002.08.06"]
[Round "8"]
[White "Addison, Bret C"]
[Black "Wohl, Aleksandar"]
[Result "1/2-1/2"]
[WhiteElo "2219"]
[BlackElo "2419"]
[PlyCount "93"]
[EventDate "2002.07.29"]
[EventType "swiss"]
[EventRounds "11"]
[EventCountry "GBR"]
[SourceTitle "BritBase"]
[Source "John Saunders"]
[SourceDate "2008.07.14"]
[SourceVersion "1"]
[SourceVersionDate "2008.07.14"]
[SourceQuality "2"]

1. d4 e6 2. c4 Nf6 3. Nc3 Bb4 4. e3 O-O 5. a3 Be7 6. d5 exd5 7. cxd5 Re8 8.
Nge2 c6 9. g3 cxd5 10. Bg2 Nc6 11. O-O d6 12. Nxd5 Nxd5 13. Bxd5 Bf6 14. Nf4
Ne5 15. Bd2 Bg4 16. f3 Bd7 17. Nh5 Bb5 18. Re1 Bc6 19. Bc3 Be7 20. f4 g6 21.
fxe5 dxe5 22. Bxc6 Qxd1 23. Raxd1 bxc6 24. Bxe5 gxh5 25. Bf4 Rad8 26. Kf2 Bf6
27. b3 Be7 28. a4 Bb4 29. Rf1 f5 30. Ke2 Kf7 31. Bg5 Rxd1 32. Rxd1 Ke6 33. Kd3
Rg8 34. Kc4 Rxg5 35. Kxb4 h4 36. gxh4 Rg2 37. Rc1 Kd6 38. Rc5 Rg4+ 39. Rc4 Rg2
40. Rf4 Ke5 41. Kc3 Rxh2 42. Rc4 Rh1 43. Kd3 Rd1+ 44. Kc2 Rd6 45. Kc3 h5 46.
Kc2 Rf6 47. Kd3 1/2-1/2

[Event "GBR-ch89"]
[Site "Torquay"]
[Date "2002.08.06"]
[Round "8"]
[White "Barua, Dibyendu"]
[Black "Ramesh, RB"]
[Result "0-1"]
[WhiteElo "2542"]
[BlackElo "2456"]
[PlyCount "80"]
[EventDate "2002.07.29"]
[EventType "swiss"]
[EventRounds "11"]
[EventCountry "GBR"]
[SourceTitle "BritBase"]
[Source "John Saunders"]
[SourceDate "2008.07.14"]
[SourceVersion "1"]
[SourceVersionDate "2008.07.14"]
[SourceQuality "2"]

1. e4 c6 2. d4 d5 3. exd5 cxd5 4. c4 Nf6 5. Nc3 Nc6 6. Bg5 Be6 7. Bxf6 gxf6 8.
Nf3 Qd7 9. h3 O-O-O 10. Qa4 dxc4 11. Rd1 Bd5 12. Nxd5 Qxd5 13. Bxc4 Qe4+ 14.
Kf1 e6 15. Bb5 Kb8 16. Re1 Qd5 17. Bxc6 bxc6 18. Re3 Qb5+ 19. Qxb5+ cxb5 20.
Ke2 Rd5 21. Rc3 Bd6 22. Rhc1 Rd8 23. R1c2 h5 24. g3 Kb7 25. Rb3 Bc7 26. Re3 Bb6
27. Re4 Rf5 28. Nh4 Rfd5 29. Nf3 Rf5 30. Nh4 Rg5 31. Nf3 Rgd5 32. Rf4 f5 33.
Rh4 Rh8 34. g4 Bxd4 35. gxf5 Bf6 36. Rf4 exf5 37. Rd2 Rhd8 38. Rxd5 Rxd5 39. b3
Kc6 40. Nh4 Bg5 0-1

[Event "GBR-ch89"]
[Site "Torquay"]
[Date "2002.08.06"]
[Round "8"]
[White "Buckley, Melanie"]
[Black "Eames, Robert S"]
[Result "1/2-1/2"]
[WhiteElo "2184"]
[BlackElo "2310"]
[PlyCount "75"]
[EventDate "2002.07.29"]
[EventType "swiss"]
[EventRounds "11"]
[EventCountry "GBR"]
[SourceTitle "BritBase"]
[Source "John Saunders"]
[SourceDate "2008.07.14"]
[SourceVersion "1"]
[SourceVersionDate "2008.07.14"]
[SourceQuality "2"]

1. e4 e5 2. Bc4 Nf6 3. d3 Nc6 4. Nf3 Be7 5. O-O O-O 6. Re1 d6 7. a4 Kh8 8. c3
Bg4 9. Nbd2 d5 10. Bb3 a5 11. h3 Bh5 12. Nf1 dxe4 13. dxe4 Qxd1 14. Bxd1 Rad8
15. Ng3 Bg6 16. Bg5 h6 17. Bxf6 Bxf6 18. Bb3 Nb8 19. Rad1 Na6 20. Kf1 Nc5 21.
Bc2 c6 22. Nf5 b5 23. axb5 cxb5 24. b4 axb4 25. cxb4 Na6 26. Bd3 Rb8 27. Rb1
Rfd8 28. Red1 Rd7 29. Ne1 Bxf5 30. exf5 Be7 31. Nc2 Rbd8 32. Be2 Rd2 33. Rxd2
Rxd2 34. Na3 Nxb4 35. Nxb5 Bc5 36. Nc3 Rc2 37. Ne4 Be7 38. Rd1 1/2-1/2

[Event "GBR-ch89"]
[Site "Torquay"]
[Date "2002.08.06"]
[Round "8"]
[White "Collins, Sam IRL"]
[Black "Wells, Peter K"]
[Result "0-1"]
[WhiteElo "2313"]
[BlackElo "2479"]
[PlyCount "92"]
[EventDate "2002.07.29"]
[EventType "swiss"]
[EventRounds "11"]
[EventCountry "GBR"]
[SourceTitle "BritBase"]
[Source "John Saunders"]
[SourceDate "2008.07.14"]
[SourceVersion "1"]
[SourceVersionDate "2008.07.14"]
[SourceQuality "2"]

1. e4 c5 2. Nf3 Nc6 3. d4 cxd4 4. Nxd4 Nf6 5. Nc3 d6 6. Bg5 e6 7. Qd2 Be7 8.
O-O-O O-O 9. Nb3 Qb6 10. f3 Rd8 11. Kb1 a6 12. Bxf6 Bxf6 13. g4 g6 14. h4 Qc7
15. g5 Bg7 16. h5 d5 17. exd5 exd5 18. hxg6 hxg6 19. f4 Bf5 20. Bd3 Bxd3 21.
cxd3 Ne7 22. Rc1 Qd6 23. Rh3 a5 24. d4 b6 25. Rch1 Nf5 26. Qh2 Kf8 27. Re1 Kg8
28. Rh1 Kf8 29. Re1 Kg8 30. Nb5 Qc6 31. Rh1 Kf8 32. a4 Qe6 33. Rc1 Rac8 34.
Rhc3 Rc4 35. Qc2 Rdc8 36. Nd2 Rxc3 37. bxc3 Nxd4 38. Nxd4 Bxd4 39. Qd3 Bg7 40.
Nf3 Qc6 41. Ne5 Bxe5 42. fxe5 Qc4 43. Qxc4 Rxc4 44. Rd1 Rxc3 45. Rxd5 Rc4 46.
Rd6 Rxa4 0-1

[Event "GBR-ch89"]
[Site "Torquay"]
[Date "2002.08.06"]
[Round "8"]
[White "Cox, John J"]
[Black "Williams, Simon K"]
[Result "1/2-1/2"]
[WhiteElo "2311"]
[BlackElo "2421"]
[PlyCount "70"]
[EventDate "2002.07.29"]
[EventType "swiss"]
[EventRounds "11"]
[EventCountry "GBR"]
[SourceTitle "BritBase"]
[Source "John Saunders"]
[SourceDate "2008.07.14"]
[SourceVersion "1"]
[SourceVersionDate "2008.07.14"]
[SourceQuality "2"]

1. Nf3 f5 2. e4 fxe4 3. Ng5 Nc6 4. d3 e3 5. Bxe3 e5 6. c4 Nf6 7. Nc3 Bb4 8.
Nge4 O-O 9. Be2 Nxe4 10. dxe4 d6 11. a3 Bxc3+ 12. bxc3 Be6 13. c5 Na5 14. Qa4
b6 15. O-O Qe7 16. cxd6 cxd6 17. Ba6 Qf7 18. Qb4 Bc4 19. Bxc4 Nxc4 20. Rad1
Rac8 21. Bc1 Qg6 22. f3 h5 23. h4 Rc6 24. Bg5 Rfc8 25. Rd3 Qf7 26. Rfd1 Kh8 27.
Kh2 Rc5 28. Rd5 Qc7 29. R1d3 b5 30. f4 exf4 31. Bxf4 Qe7 32. Bxd6 Nxd6 33. Rxc5
Qxh4+ 34. Rh3 Qf4+ 35. Kh1 Qf1+ 1/2-1/2

[Event "GBR-ch89"]
[Site "Torquay"]
[Date "2002.08.06"]
[Round "8"]
[White "Devereaux, Max"]
[Black "Trent, Lawrence"]
[Result "1-0"]
[WhiteElo "2268"]
[BlackElo "2246"]
[PlyCount "71"]
[EventDate "2002.07.29"]
[EventType "swiss"]
[EventRounds "11"]
[EventCountry "GBR"]
[SourceTitle "BritBase"]
[Source "John Saunders"]
[SourceDate "2008.07.14"]
[SourceVersion "1"]
[SourceVersionDate "2008.07.14"]
[SourceQuality "2"]

1. e4 d5 2. exd5 Qxd5 3. Nc3 Qa5 4. d4 Nf6 5. Nf3 c6 6. Bc4 Bf5 7. Ne5 e6 8.
O-O Nbd7 9. Nxd7 Nxd7 10. Bf4 Bb4 11. Ne2 O-O 12. a3 Be7 13. Ng3 Bg6 14. Qe2
Nf6 15. b4 Qb6 16. c3 Nd5 17. Bd2 a5 18. f4 axb4 19. axb4 Bf6 20. Kh1 Qc7 21.
Rxa8 Rxa8 22. Ne4 Ra3 23. Nxf6+ Nxf6 24. g4 Be4+ 25. Kg1 b5 26. g5 bxc4 27.
gxf6 Bd3 28. Qg4 g6 29. Qg5 Qd8 30. Re1 Bf5 31. d5 cxd5 32. Be3 Qa8 33. Bc5 Ra1
34. Qh6 Rxe1+ 35. Kf2 Qa2+ 36. Kg3 1-0

[Event "GBR-ch89"]
[Site "Torquay"]
[Date "2002.08.06"]
[Round "8"]
[White "Dhar Barua, Saheli"]
[Black "Evans-Quek, Debbie"]
[Result "1-0"]
[WhiteElo "2221"]
[BlackElo "2069"]
[PlyCount "55"]
[EventDate "2002.07.29"]
[EventType "swiss"]
[EventRounds "11"]
[EventCountry "GBR"]
[SourceTitle "BritBase"]
[Source "John Saunders"]
[SourceDate "2008.07.14"]
[SourceVersion "1"]
[SourceVersionDate "2008.07.14"]
[SourceQuality "2"]

1. e4 g6 2. d4 Bg7 3. Nc3 c6 4. Bc4 d6 5. Qf3 e6 6. Nge2 b5 7. Bb3 a5 8. a4 b4
9. Nd1 Ba6 10. c3 bxc3 11. bxc3 Nd7 12. Ba3 c5 13. Qe3 Qb6 14. Rb1 Bxe2 15.
Qxe2 cxd4 16. cxd4 Qxd4 17. O-O Ngf6 18. Bb2 Qa7 19. Nc3 O-O 20. Nb5 Qb6 21.
Bd4 Nc5 22. Rfd1 e5 23. Be3 Qb8 24. Bxf7+ Rxf7 25. Nxd6 Rb7 26. Qc4+ Kh8 27.
Nf7+ Kg8 28. Rd8+ 1-0

[Event "GBR-ch89"]
[Site "Torquay"]
[Date "2002.08.06"]
[Round "8"]
[White "Dorrington, Christopher"]
[Black "Thipsay, Bagyashree"]
[Result "1/2-1/2"]
[WhiteElo "2218"]
[BlackElo "2264"]
[PlyCount "38"]
[EventDate "2002.07.29"]
[EventType "swiss"]
[EventRounds "11"]
[EventCountry "GBR"]
[SourceTitle "BritBase"]
[Source "John Saunders"]
[SourceDate "2008.07.14"]
[SourceVersion "1"]
[SourceVersionDate "2008.07.14"]
[SourceQuality "2"]

1. e4 c6 2. c4 d5 3. exd5 cxd5 4. cxd5 Nf6 5. Nc3 Nxd5 6. Nf3 e6 7. d4 Bb4 8.
Bd2 O-O 9. Bd3 Nc6 10. O-O Be7 11. Nxd5 Qxd5 12. Bc3 Bf6 13. Qc2 Qh5 14. Rad1
Rd8 15. Be4 Ne7 16. d5 Nxd5 17. Bxd5 exd5 18. Bxf6 gxf6 19. Qc3 Bg4 1/2-1/2

[Event "GBR-ch89"]
[Site "Torquay"]
[Date "2002.08.06"]
[Round "8"]
[White "Douglas, Timothy"]
[Black "Lyell, Mark"]
[Result "0-1"]
[WhiteElo "2174"]
[BlackElo "2265"]
[PlyCount "64"]
[EventDate "2002.07.29"]
[EventType "swiss"]
[EventRounds "11"]
[EventCountry "GBR"]
[SourceTitle "BritBase"]
[Source "John Saunders"]
[SourceDate "2008.07.14"]
[SourceVersion "1"]
[SourceVersionDate "2008.07.14"]
[SourceQuality "2"]

1. e4 e5 2. Nf3 Nc6 3. Bc4 Nf6 4. d3 d5 5. exd5 Nxd5 6. O-O Bc5 7. Re1 O-O 8.
Nxe5 Qh4 9. Qf3 Nf6 10. h3 Nd4 11. Qd1 b5 12. Bxf7+ Rxf7 13. Nxf7 Kxf7 14. c3
Bg4 15. cxd4 Bxd1 16. dxc5 Bc2 17. Nc3 Bxd3 18. Be3 b4 19. Ne2 Bxe2 20. Rxe2
Nd5 21. Rd1 Nxe3 22. Rd7+ Kf8 23. Rxe3 Re8 24. Rf3+ Kg8 25. Rxc7 Qd4 26. Rff7
Rf8 27. Rfd7 Qxf2+ 28. Kh1 Qg3 29. Kg1 Re8 30. Re7 Rd8 31. Rcd7 Rxd7 32. Rxd7
Qe3+ 0-1

[Event "GBR-ch89"]
[Site "Torquay"]
[Date "2002.08.06"]
[Round "8"]
[White "Emms, John M"]
[Black "Berry, Neil"]
[Result "1-0"]
[WhiteElo "2544"]
[BlackElo "2255"]
[PlyCount "131"]
[EventDate "2002.07.29"]
[EventType "swiss"]
[EventRounds "11"]
[EventCountry "GBR"]
[SourceTitle "BritBase"]
[Source "John Saunders"]
[SourceDate "2008.07.14"]
[SourceVersion "1"]
[SourceVersionDate "2008.07.14"]
[SourceQuality "2"]

1. e4 e6 2. d4 d5 3. Nd2 c5 4. exd5 exd5 5. Ngf3 Nf6 6. Bb5+ Bd7 7. Bxd7+ Nbxd7
8. O-O Be7 9. Re1 O-O 10. dxc5 Nxc5 11. Nf1 Re8 12. Be3 a5 13. c3 Qc7 14. Bd4
Nce4 15. Ne3 Rad8 16. Qb3 Nc5 17. Qc2 Nce4 18. Rad1 Bc5 19. Bxc5 Qxc5 20. Rd4
g6 21. Red1 Rd6 22. g3 Red8 23. Kg2 Kg7 24. Ne5 Ng5 25. Nf3 Nge4 26. h4 Qb5 27.
Ng5 Qc6 28. Nf3 Nc5 29. Kg1 Ne6 30. R4d3 h5 31. Nd4 Nxd4 32. Rxd4 b6 33. Qe2
R6d7 34. Qf3 Qe6 35. Qf4 Ne8 36. Kg2 Nf6 37. R1d2 Ne4 38. Re2 Qf6 39. Qxf6+
Nxf6 40. Red2 Kf8 41. f3 Ke7 42. R2d3 Ke6 43. g4 Rd6 44. Kg3 hxg4 45. fxg4 Ne4+
46. Kf4 Nf6 47. c4 dxc4 48. Rxd6+ Rxd6 49. Rxd6+ Kxd6 50. Nxc4+ Kc5 51. Ne5
Nd5+ 52. Kf3 Kd6 53. Nxf7+ Ke6 54. Ng5+ Kf6 55. Ke4 Nc7 56. Kd4 Ke7 57. Ke5 Na6
58. h5 gxh5 59. gxh5 Nb4 60. h6 Kf8 61. a4 Kg8 62. Kd4 Na6 63. b3 Nc5 64. Kc4
Kh8 65. Nf3 Kh7 66. Nd4 1-0

[Event "GBR-ch89"]
[Site "Torquay"]
[Date "2002.08.06"]
[Round "8"]
[White "Flear, Glenn"]
[Black "Rudd, Jack"]
[Result "1-0"]
[WhiteElo "2538"]
[BlackElo "2139"]
[PlyCount "55"]
[EventDate "2002.07.29"]
[EventType "swiss"]
[EventRounds "11"]
[EventCountry "GBR"]
[SourceTitle "BritBase"]
[Source "John Saunders"]
[SourceDate "2008.07.14"]
[SourceVersion "1"]
[SourceVersionDate "2008.07.14"]
[SourceQuality "2"]

1. d4 Nf6 2. c4 e6 3. Nc3 d5 4. cxd5 exd5 5. Bg5 Be7 6. e3 O-O 7. Bd3 c6 8. Qc2
Nbd7 9. Nf3 Re8 10. O-O h6 11. Bf4 Nf8 12. h3 Bd6 13. Bxd6 Qxd6 14. Rab1 a5 15.
Rbe1 Ne6 16. Ne5 b5 17. Rc1 Bb7 18. Ne2 Rec8 19. Ng3 b4 20. Nf5 Qf8 21. Qe2 c5
22. dxc5 Nxc5 23. Bb5 Ne6 24. Rfd1 Qd8 25. Rxc8 Rxc8 26. Ba6 Bxa6 27. Qxa6 Qc7
28. Qxc8+ 1-0

[Event "GBR-ch89"]
[Site "Torquay"]
[Date "2002.08.06"]
[Round "8"]
[White "Gregory, Stephen J"]
[Black "Martyn, Rafe"]
[Result "1/2-1/2"]
[WhiteElo "2173"]
[BlackElo "2201"]
[PlyCount "135"]
[EventDate "2002.07.29"]
[EventType "swiss"]
[EventRounds "11"]
[EventCountry "GBR"]
[SourceTitle "BritBase"]
[Source "John Saunders"]
[SourceDate "2008.07.14"]
[SourceVersion "1"]
[SourceVersionDate "2008.07.14"]
[SourceQuality "2"]

1. e4 d5 2. exd5 Qxd5 3. Nc3 Qa5 4. Nf3 Nf6 5. Be2 g6 6. O-O Bg7 7. Re1 O-O 8.
Bc4 Nc6 9. h3 Qc5 10. d3 a6 11. Bf4 b5 12. Bb3 Qb6 13. Qd2 Bb7 14. Be3 Qa5 15.
Bh6 Qb4 16. a3 Qd6 17. Bxg7 Kxg7 18. Ne4 Nxe4 19. Rxe4 Qf6 20. Rh4 h5 21. Rf4
Qd6 22. Re1 e5 23. Rfe4 Nd4 24. Rxe5 Bxf3 25. Qc3 Bb7 26. Re7 Qf6 27. Qxc7 Nxb3
28. Qxb7 Nd4 29. c3 Nf5 30. R7e6 Qd8 31. d4 Qc8 32. Qxc8 Rfxc8 33. Rb6 h4 34.
Kh2 Rd8 35. g3 hxg3+ 36. fxg3 Rd6 37. Rb7 Rf6 38. g4 Nd6 39. Rd7 Re8 40. Re5
Rc8 41. g5 Rf2+ 42. Kg3 Rxb2 43. Rxd6 Rxc3+ 44. Kf4 Rxa3 45. Rd8 Rf2+ 46. Kg4
Rg2+ 47. Kf4 Rxh3 48. d5 Rf2+ 49. Kg4 Rh8 50. Rxh8 Kxh8 51. d6 Rd2 52. Re8+ Kg7
53. Rd8 b4 54. Kf4 b3 55. Rb8 Rxd6 56. Rxb3 a5 57. Ke5 Ra6 58. Ra3 a4 59. Kf4
f6 60. Kg4 fxg5 61. Kxg5 Ra5+ 62. Kg4 g5 63. Kg3 Kf6 64. Kg4 Kg6 65. Rf3 a3 66.
Rxa3 Rc5 67. Ra6+ Kf7 68. Ra7+ 1/2-1/2

[Event "GBR-ch89"]
[Site "Torquay"]
[Date "2002.08.06"]
[Round "8"]
[White "Hanley, Craig A"]
[Black "Richards, Heather"]
[Result "1/2-1/2"]
[WhiteElo "2331"]
[BlackElo "2275"]
[PlyCount "26"]
[EventDate "2002.07.29"]
[EventType "swiss"]
[EventRounds "11"]
[EventCountry "GBR"]
[SourceTitle "BritBase"]
[Source "John Saunders"]
[SourceDate "2008.07.14"]
[SourceVersion "1"]
[SourceVersionDate "2008.07.14"]
[SourceQuality "2"]

1. e4 e6 2. d4 d5 3. e5 c5 4. c3 Nc6 5. Nf3 Bd7 6. Be2 Nge7 7. O-O Ng6 8. g3
Be7 9. h4 O-O 10. h5 Nh8 11. h6 g6 12. dxc5 Bxc5 13. c4 f6 1/2-1/2

[Event "GBR-ch89"]
[Site "Torquay"]
[Date "2002.08.06"]
[Round "8"]
[White "Harikrishna, Pentala"]
[Black "Gallagher, Joseph G"]
[Result "1/2-1/2"]
[WhiteElo "2568"]
[BlackElo "2517"]
[PlyCount "22"]
[EventDate "2002.07.29"]
[EventType "swiss"]
[EventRounds "11"]
[EventCountry "GBR"]
[SourceTitle "BritBase"]
[Source "John Saunders"]
[SourceDate "2008.07.14"]
[SourceVersion "1"]
[SourceVersionDate "2008.07.14"]
[SourceQuality "2"]

1. d4 Nf6 2. Nf3 g6 3. Bg5 Bg7 4. Nbd2 O-O 5. c3 d6 6. e4 h6 7. Bxf6 Bxf6 8. e5
Bg7 9. Bc4 d5 10. Bd3 c5 11. O-O Nc6 1/2-1/2

[Event "GBR-ch89"]
[Site "Torquay"]
[Date "2002.08.06"]
[Round "8"]
[White "Howell, David W"]
[Black "Ashton, Adam"]
[Result "0-1"]
[WhiteElo "2211"]
[BlackElo "2152"]
[PlyCount "130"]
[EventDate "2002.07.29"]
[EventType "swiss"]
[EventRounds "11"]
[EventCountry "GBR"]
[SourceTitle "BritBase"]
[Source "John Saunders"]
[SourceDate "2008.07.14"]
[SourceVersion "1"]
[SourceVersionDate "2008.07.14"]
[SourceQuality "2"]

1. e4 e5 2. Nf3 d6 3. d4 Nf6 4. Nc3 Nbd7 5. Bc4 Be7 6. O-O O-O 7. Re1 c6 8. a4
b6 9. h3 a6 10. b3 Bb7 11. Bb2 Qc7 12. Qd2 Rfe8 13. Rad1 Bf8 14. dxe5 Nxe5 15.
Be2 Nxf3+ 16. Bxf3 Re6 17. Qf4 Rae8 18. Ne2 c5 19. Nc3 Qe7 20. Re3 Nxe4 21.
Nxe4 Bxe4 22. Bxe4 Rxe4 23. Rxe4 Qxe4 24. Qxe4 Rxe4 25. c4 f5 26. Kf1 Kf7 27.
Rd3 g6 28. Bc3 Re6 29. f3 Bg7 30. Bxg7 Kxg7 31. Kf2 Kf6 32. g3 Ke7 33. Rd1 Re5
34. Ra1 Kd7 35. a5 Kc6 36. axb6 Kxb6 37. Ra2 Re6 38. h4 Re5 39. Ra1 h6 40. Ra2
g5 41. hxg5 hxg5 42. Rd2 Re6 43. Rd5 Rf6 44. Ke3 Ka5 45. g4 fxg4 46. fxg4 Kb4
47. Rxg5 Kxb3 48. Rf5 Rg6 49. g5 Kxc4 50. Rf6 Rxg5 51. Rxd6 Re5+ 52. Kf4 Re8
53. Rxa6 Kb4 54. Rb6+ Kc3 55. Kf3 c4 56. Rb7 Kc2 57. Kf2 c3 58. Rb6 Kc1 59. Rb7
c2 60. Rb6 Re4 61. Kf3 Re5 62. Kf2 Kd2 63. Rd6+ Kc3 64. Rc6+ Kd3 65. Rc8 Re4
0-1

[Event "GBR-ch89"]
[Site "Torquay"]
[Date "2002.08.06"]
[Round "8"]
[White "Jones, Richard S"]
[Black "Vijayalakshmi, Subbaraman"]
[Result "1-0"]
[WhiteElo "2234"]
[BlackElo "2399"]
[PlyCount "51"]
[EventDate "2002.07.29"]
[EventType "swiss"]
[EventRounds "11"]
[EventCountry "GBR"]
[SourceTitle "BritBase"]
[Source "John Saunders"]
[SourceDate "2008.07.14"]
[SourceVersion "1"]
[SourceVersionDate "2008.07.14"]
[SourceQuality "2"]

1. e4 e5 2. f4 Bc5 3. Nf3 d6 4. c3 Nf6 5. d4 Bb6 6. fxe5 dxe5 7. Nxe5 Nxe4 8.
Qf3 Nd6 9. Bd3 Qe7 10. O-O Qxe5 11. Bf4 Qf6 12. Nd2 O-O 13. Qg3 Nf5 14. Bxf5
Bxf5 15. Be5 Qh6 16. Rxf5 f6 17. Raf1 Qxd2 18. Bxf6 Rxf6 19. Rxf6 Nc6 20. Rf7
Qh6 21. Qf3 Qd6 22. Kh1 Re8 23. Rxg7+ Kxg7 24. Qf7+ Kh6 25. Rf6+ Kg5 26. Rf5+
1-0

[Event "GBR-ch89"]
[Site "Torquay"]
[Date "2002.08.06"]
[Round "8"]
[White "Knott, Simon JB"]
[Black "Grant, Jonathan"]
[Result "1/2-1/2"]
[WhiteElo "2367"]
[BlackElo "2201"]
[PlyCount "67"]
[EventDate "2002.07.29"]
[EventType "swiss"]
[EventRounds "11"]
[EventCountry "GBR"]
[SourceTitle "BritBase"]
[Source "John Saunders"]
[SourceDate "2008.07.14"]
[SourceVersion "1"]
[SourceVersionDate "2008.07.14"]
[SourceQuality "2"]

1. Nf3 Nf6 2. c4 c5 3. Nc3 e6 4. g3 b6 5. Bg2 Bb7 6. O-O Be7 7. Re1 Ne4 8. Na4
d5 9. cxd5 exd5 10. d3 Nf6 11. d4 O-O 12. dxc5 bxc5 13. Qb3 Qc8 14. Bg5 Nbd7
15. Bh3 c4 16. Qc2 Qd8 17. Rad1 h6 18. Be3 Re8 19. Bd4 Ne4 20. Nc3 Bb4 21. Rf1
Nf8 22. Nxe4 Rxe4 23. a3 Bd6 24. Rfe1 Qe8 25. Qc3 Rxe2 26. Rxe2 Qxe2 27. Re1
Qd3 28. Qxd3 cxd3 29. Bf1 Ne6 30. Bxd3 Nxd4 31. Nxd4 g6 32. Nb5 Bf8 33. Rd1 Bc6
34. Rc1 1/2-1/2

[Event "GBR-ch89"]
[Site "Torquay"]
[Date "2002.08.06"]
[Round "8"]
[White "Koneru, Humpy"]
[Black "Lalic, Bogdan"]
[Result "1/2-1/2"]
[WhiteElo "2473"]
[BlackElo "2540"]
[PlyCount "34"]
[EventDate "2002.07.29"]
[EventType "swiss"]
[EventRounds "11"]
[EventCountry "GBR"]
[SourceTitle "BritBase"]
[Source "John Saunders"]
[SourceDate "2008.07.14"]
[SourceVersion "1"]
[SourceVersionDate "2008.07.14"]
[SourceQuality "2"]

1. d4 Nf6 2. Nf3 d5 3. c4 c6 4. e3 Bg4 5. h3 Bxf3 6. Qxf3 e6 7. Nc3 Nbd7 8. Bd3
Bd6 9. O-O O-O 10. e4 dxc4 11. Bxc4 e5 12. d5 Nb6 13. Bb3 cxd5 14. exd5 h6 15.
Be3 a6 16. Rac1 Nbd7 17. a3 Bc7 1/2-1/2

[Event "GBR-ch89"]
[Site "Torquay"]
[Date "2002.08.06"]
[Round "8"]
[White "Lane, Gary W"]
[Black "Sandipan, Chanda"]
[Result "1-0"]
[WhiteElo "2446"]
[BlackElo "2507"]
[PlyCount "171"]
[EventDate "2002.07.29"]
[EventType "swiss"]
[EventRounds "11"]
[EventCountry "GBR"]
[SourceTitle "BritBase"]
[Source "John Saunders"]
[SourceDate "2008.07.14"]
[SourceVersion "1"]
[SourceVersionDate "2008.07.14"]
[SourceQuality "2"]

1. e4 c5 2. Nf3 e6 3. c3 Nf6 4. e5 Nd5 5. d4 cxd4 6. cxd4 d6 7. a3 Bd7 8. Bd3
Bc6 9. O-O Nd7 10. Qe2 dxe5 11. dxe5 Be7 12. Bd2 O-O 13. b4 a6 14. Nc3 Nxc3 15.
Bxc3 Nb6 16. Nd4 Nd5 17. Nxc6 bxc6 18. Bd2 Qb6 19. Qg4 g6 20. h4 h5 21. Qc4 Kg7
22. Rac1 Rfc8 23. Be4 Qb5 24. g3 Qa4 25. Bxd5 cxd5 26. Qxc8 Rxc8 27. Rxc8 Qxa3
28. Rb8 Qd3 29. Bf4 g5 30. hxg5 Qe4 31. Rc1 Kg6 32. Rh8 Qf3 33. Rc7 Kf5 34. Be3
d4 35. Bxd4 Qd1+ 36. Kg2 Qxd4 37. Rxe7 Qe4+ 38. Kh2 Kxe5 39. Rxf7 Qg4 40. Rf6
Kd6 41. Rhh6 Qxg5 42. Rxe6+ Kd5 43. Rxa6 Kc4 44. Rhf6 Kxb4 45. Rf4+ Kc3 46.
Raf6 Kd2 47. R6f5 Qg6 48. Re5 Qh6 49. Rh4 Qf6 50. f4 Qb6 51. Rhxh5 Qf2+ 52. Kh3
Qf3 53. Rhf5 Kd3 54. Rf6 Kd4 55. Kh4 Qh1+ 56. Kg4 Qh8 57. Rd6+ Kc4 58. Ree6
Qg7+ 59. Kh4 Qh7+ 60. Kg4 Qg7+ 61. Rg6 Qe7 62. Rc6+ Kb5 63. Rce6 Qd7 64. Kh4
Qd8+ 65. Rg5+ Kc4 66. Re4+ Kd3 67. Ree5 Qa8 68. Rg6 Qd8+ 69. Kg4 Kd4 70. Ree6
Kc5 71. Rg7 Qd1+ 72. Kg5 Qd8+ 73. Ree7 Qd2 74. g4 Kc6 75. Rgf7 Kb6 76. Kg6 Ka5
77. f5 Qd6+ 78. Re6 Qd8 79. g5 Ka4 80. Ree7 Qd3 81. Kg7 Qd4+ 82. f6 Kb5 83. g6
Kc6 84. Rf8 Kb6 85. Re6+ Ka5 86. Rfe8 1-0

[Event "GBR-ch89"]
[Site "Torquay"]
[Date "2002.08.06"]
[Round "8"]
[White "Littlewood, Paul"]
[Black "Evans-Quek, Suan"]
[Result "1-0"]
[WhiteElo "2401"]
[BlackElo "2268"]
[PlyCount "77"]
[EventDate "2002.07.29"]
[EventType "swiss"]
[EventRounds "11"]
[EventCountry "GBR"]
[SourceTitle "BritBase"]
[Source "John Saunders"]
[SourceDate "2008.07.14"]
[SourceVersion "1"]
[SourceVersionDate "2008.07.14"]
[SourceQuality "2"]

1. d4 g6 2. e4 Bg7 3. Nc3 c6 4. Nf3 d6 5. Be2 Nd7 6. O-O Qc7 7. a4 Ngf6 8. Re1
O-O 9. Bf1 e5 10. b3 Rd8 11. Bb2 Nf8 12. h3 Ne6 13. Qd2 Qa5 14. Rad1 exd4 15.
Nxd4 Nxd4 16. Qxd4 Nxe4 17. Qxe4 Bxc3 18. Qe7 Rd7 19. Bxc3 Qxc3 20. Qh4 Kg7 21.
Re8 b6 22. Rd3 Qa1 23. c3 Bb7 24. Qd4+ f6 25. Rxa8 Bxa8 26. Rf3 Rf7 27. Qxd6
Qb1 28. Qe6 c5 29. Rd3 c4 30. bxc4 g5 31. h4 Qc1 32. hxg5 fxg5 33. Qe5+ Rf6 34.
Rd7+ Kg6 35. Qe8+ Kh6 36. Qg8 Kh5 37. Qxh7+ Kg4 38. Rd4+ Rf4 39. Qh3# 1-0

[Event "GBR-ch89"]
[Site "Torquay"]
[Date "2002.08.06"]
[Round "8"]
[White "McDonald, Neil R"]
[Black "Bigg, Andrew J"]
[Result "1-0"]
[WhiteElo "2396"]
[BlackElo "2248"]
[PlyCount "101"]
[EventDate "2002.07.29"]
[EventType "swiss"]
[EventRounds "11"]
[EventCountry "GBR"]
[SourceTitle "BritBase"]
[Source "John Saunders"]
[SourceDate "2008.07.14"]
[SourceVersion "1"]
[SourceVersionDate "2008.07.14"]
[SourceQuality "2"]

1. Nf3 f5 2. g3 Nf6 3. Bg2 g6 4. O-O Bg7 5. c4 O-O 6. Nc3 d6 7. d3 e5 8. Bg5 h6
9. Bxf6 Qxf6 10. Nd2 Nd7 11. b4 Qd8 12. Qb3 Kh8 13. Rac1 c6 14. a4 a5 15. b5
Nc5 16. Qa3 Qc7 17. Nb3 Nxb3 18. Qxb3 Be6 19. Rb1 Rab8 20. Qa3 Rfd8 21. Rfc1
Bf7 22. Rc2 Rdc8 23. Rcb2 Be8 24. Qb3 Ra8 25. Qa3 Rab8 26. Rb3 Qd8 27. Qb2 Ra8
28. Qd2 Rc7 29. bxc6 bxc6 30. Qe3 Rcc8 31. Rb7 Rcb8 32. Rxb8 Rxb8 33. Qa7 Rxb1+
34. Nxb1 d5 35. cxd5 cxd5 36. Nc3 e4 37. Nb5 Be5 38. d4 Bb8 39. Qc5 Bf7 40. e3
g5 41. Bh3 f4 42. Qc6 Kg7 43. Qb7 Kg8 44. Bd7 h5 45. Nc3 h4 46. g4 fxe3 47.
fxe3 Kg7 48. Nxd5 Bxd5 49. Qxd5 Kh8 50. Qe6 Kg7 51. Qe8 1-0